Las sectas en América Latina
Saved in:
| Main Authors: | , , , , , , |
|---|---|
| Format: | Bog |
| Sprog: | spansk |
| Udgivet: |
Buenos Aires
Claretiana
1993
|
| Udgivelse: | 9a. ed |
| Fag: | |
| Tags: |
Tilføj Tag
Ingen Tags, Vær først til at tagge denne postø!
|
MARC
| LEADER | 00000nam a2200000 a 4500 | ||
|---|---|---|---|
| 001 | UCP0181 | ||
| 003 | CL-VaPUC | ||
| 008 | 990305e19930000AG |||||||||||||||||spa|d | ||
| 082 | 0 | 4 | |a 291.9 |b SAN |2 21 |
| 100 | 0 | |a Santagada, Osvaldo D |e author |9 425154 | |
| 700 | 0 | |a Bravo P., Ernesto |e author |9 425155 | |
| 700 | 0 | |a Díaz de León, Ignacio |e author |9 425156 | |
| 700 | 0 | |a Bueno V., Orlando |e author |9 425157 | |
| 700 | 0 | |a Muñoz R., Humberto |e author |9 425158 | |
| 700 | |a Kloppenburg, Boaventura |e author |9 489031 | ||
| 700 | 0 | |a Capanna, Pablo |e author |9 425160 | |
| 245 | 1 | 4 | |a Las sectas en América Latina |
| 250 | |a 9a. ed | ||
| 300 | |a 285 p | ||
| 942 | |c BK | ||
| 945 | |d 19990305 00:00:00 |a aarredon | ||
| 260 | |a Buenos Aires |b Claretiana |c 1993 | ||
| 650 | 0 | |a Iglesia Católica |9 256114 | |
| 650 | 0 | |a Religión |9 255164 | |
| 650 | 0 | |a Sectas |9 320072 | |
| 650 | 0 | |a Protestantes |9 389935 | |
| 650 | 0 | |a Comunidades religiosas |9 315330 | |
| 651 | 0 | |a América Latina |9 255027 | |
| 583 | |a last modification |c 19990305 00:00:00 |k Rodrigo Vera | ||
| 999 | |c 279022 |d 279020 | ||
| 952 | |0 0 |1 0 |4 0 |6 291_900000000000000_SAN_1993 |7 0 |8 A |9 317910 |a BIBTEO |b BIBTEO |d 2019-11-20 |i 2025418 |o 291.9 SAN 1993 |p 2025418 |r 2025-01-17 |w 2019-11-20 |y BK |k ICR | ||